000 00639nam a22002295a 4500
001 ES-MaREB00188746-6
003 OSt
005 20140827213002.0
008 020226s2002 esp spa d
020 _a84-458-0001-9
040 _cBMC
082 _a613
082 _a614
245 1 0 _aSalud pública y medicina preventiva
_cG. Piédrola Gil ... [etc.]
250 _a9ª ed
260 _aBarcelona
_bEdiciones Científicas y Técnicas
_c1991
300 _aXVi, 1476 p.
_c28 cm
650 2 4 _923995
_aMedicina preventiva
650 2 4 _94291
_aSalud pública
700 1 _924361
_aPiédrola Gil, G.
_d1907-1996
942 _2ddc
_cBK
999 _c13242
_d13242